Introducción a la historia medieval de Alava, Guipuzcoa y Vizcaya en sus textos / (Registro nro. 83527)

Detalles MARC
000 -LEADER
campo de control de longitud fija 00545nam a2200157 i 4500
001 - NÚMERO DE CONTROL
campo de control 83527
003 - IDENTIFICADOR DE NÚMERO DE CONTROL
campo de control ES-MaACL
005 - FECHA Y HORA DE LA ÚLTIMA TRANSACCIÓN
campo de control 20230906174839.0
007 - CAMPO FIJO DE DESCRIPCIÓN FÍSICA--INFORMACIÓN GENERAL
campo de control de longitud fija t|
008 - DATOS DE LONGITUD FIJA--INFORMACIÓN GENERAL
campo de control de longitud fija 041117s1979 sp ||||1| spa d
245 00 - MENCIÓN DEL TÍTULO
Título Introducción a la historia medieval de Alava, Guipuzcoa y Vizcaya en sus textos /
Mención de responsabilidad, etc. José Angel García de Cortázar... [et al.].
260 ## - PUBLICACIÓN, DISTRIBUCIÓN, ETC.
Lugar de publicación, distribución, etc. San Sebastián :
Nombre del editor, distribuidor, etc. Txertoa,
Fecha de publicación, distribución, etc. [1979]
300 ## - DESCRIPCIÓN FÍSICA
Extensión 211 p. ;
Dimensiones 21 cm.
700 1# - ENTRADA AGREGADA--NOMBRE PERSONAL
Nombre de persona García de Cortázar y Ruiz de Aguirre, José Ángel.
9 (RLIN) 54415
852 ## - LOCALIZACIÓN
Ubicación ES-MaACL
Número de control de estantería A-9534
Sublocalización o colección R.98807
Existencias
Estatus retirado Estado de pérdida Estado de daño No para préstamo Biblioteca de origen Biblioteca actual Ubicación en estantería Fecha de adquisición Fuente de adquisición Total de préstamos Signatura topográfica completa Código de barras Visto por última vez Precio de reemplazo Tipo de ítem Koha
        Biblioteca del Ateneo de Madrid Biblioteca del Ateneo de Madrid Depósito 1 17/01/2008     A-9534 1087301 23/02/2023 23/02/2023 Libro impreso